00578nam a2200193Ia 450000500170000000800410001704000190005804100120007708200170008910000180010624500520012426000370017630000110021365000220022485000100024694200070025699900170026395201040028020240423083218.0131103s9999 xx 000 0 und d aLoreto College aEnglish a370.954bKOC aKochhar, S.K. aPivotal issues in Indian educationcS.K.Kochhar aDelhibSterling Publishersc1995 a344p.  aEducation - India aLCBED cBK c25805d76284 00102ddc4070aMAINbMAINd2013-11-04l0o370.954 KOC 11408pB28645r2013-11-04w2013-11-04yBKf